Southville International School and Colleges
Your cart is empty.
  • Cart
  • Lists
    Public lists Eva Luna New books Lux_list list_1
    Your lists Log in to create your own lists
  • Log in to your account
  • Your cookies
  • Search history
Southville International School and Colleges
  • Advanced search
  • Recent comments
  • Most popular
  • Libraries

Log in to your account

Log in with GOOGLE


If you do not have an external account, but do have a local account, you can still log in:

  1. Home
  2. MARC view: Sophomores and other oxymorons :
Normal view MARC view ISBD view

Sophomores and other oxymorons : (Record no. 356280)

[ view plain ]
MARC details
000 -LEADER
fixed length control field 00714nam a2200277Ia 4500
008 - FIXED-LENGTH DATA ELEMENTS--GENERAL INFORMATION
fixed length control field 180313s9999 xx 000 0 und d
020 ## - INTERNATIONAL STANDARD BOOK NUMBER
International Standard Book Number 9781338105933
050 ## - LIBRARY OF CONGRESS CALL NUMBER
Item number FIC L926 2015
100 ## - MAIN ENTRY--PERSONAL NAME
Personal name Lubar, David
245 ## - TITLE STATEMENT
Title Sophomores and other oxymorons :
245 ## - TITLE STATEMENT
Remainder of title another novel /
245 ## - TITLE STATEMENT
Statement of responsibility, etc by David Lubar.
260 ## - PUBLICATION, DISTRIBUTION, ETC. (IMPRINT)
Place of publication, distribution, etc New York, New York :
260 ## - PUBLICATION, DISTRIBUTION, ETC. (IMPRINT)
Name of publisher, distributor, etc Scholastic Inc.,
260 ## - PUBLICATION, DISTRIBUTION, ETC. (IMPRINT)
Date of publication, distribution, etc 2015
300 ## - PHYSICAL DESCRIPTION
Extent 417 pages :
300 ## - PHYSICAL DESCRIPTION
Other physical details illustrations ;
300 ## - PHYSICAL DESCRIPTION
Dimensions 20cm.
650 ## - SUBJECT ADDED ENTRY--TOPICAL TERM
Topical term or geographic name as entry element Dating (Social customs) --
650 ## - SUBJECT ADDED ENTRY--TOPICAL TERM
Topical term or geographic name as entry element Friendship --
650 ## - SUBJECT ADDED ENTRY--TOPICAL TERM
Topical term or geographic name as entry element Hign school --
650 ## - SUBJECT ADDED ENTRY--TOPICAL TERM
General subdivision Juvenile fiction.
650 ## - SUBJECT ADDED ENTRY--TOPICAL TERM
General subdivision Juvenile fiction.
650 ## - SUBJECT ADDED ENTRY--TOPICAL TERM
General subdivision Juvenile fiction.
700 ## - ADDED ENTRY--PERSONAL NAME
Personal name Title.
Holdings
Withdrawn status Lost status Damaged status Home library Current library Shelving location Date acquired Cost, normal purchase price Total Checkouts Full call number Barcode Date last seen Price effective from Koha item type
      Stonyhurst Southville International School (Malarayat) Stonyhurst Southville International School (Malarayat)   03/13/2018 345.00   L926 2015 SSISM5516 03/13/2018 03/13/2018 Books

Sophomores and other oxymorons :

APA

Lubar D., Title, .Sophomores and other oxymorons. New York, New York: .

Chicago

Lubar David, Title, .Sophomores and other oxymorons. New York, New York: .

Harvard

Lubar D., Title, .Sophomores and other oxymorons. New York, New York: .

MLA

Lubar David, Title, .New York, New York: . .

  • Place hold
  • Print
  • Cite
  • Add to your cart (remove)
  • Save record
    BIBTEX Dublin Core MARCXML MARC (non-Unicode/MARC-8) MARC (Unicode/UTF-8) MARC (Unicode/UTF-8, Standard) MODS (XML) RIS
  • More searches
    Search for this title in:
    Other Libraries (WorldCat) Other Databases (Google Scholar) Online Stores (Bookfinder.com) Open Library (openlibrary.org)

Exporting to Dublin Core...

SOUTHVILLE LIBRARY

Southville International School and Colleges Library

1281 Tropical Ave. Cor. Luxembourg St., BF Homes International, Las Pinas City

Tel. No. 8256374 / 252358 Loc. 117/146

Powered by Koha